00381nam a2200109 4500245012800000100002000128710001900148710001900167260003500186300003300221082001700254 aGeology of clays : weathering, sedimentology, geochemistrycby Georges Millot ; translated by W R Farrand and Helene Paquet aMillot, Georges aFarrand, W. R. aPaquet, Helene aNewyorkbSpringer Verlagc1970 axvi,429p. , 2plates. ; 25cm a551.61b MIL